| 000 | 00383nam a2200157Ia 4500 | ||
|---|---|---|---|
| 008 | 151213s9999 xx 000 0 und d | ||
| 100 | _aE. Balagrusamy | ||
| 245 |
_aOrganization Program C ++ _cE. Balagrusamy |
||
| 250 | _a3rd | ||
| 260 |
_aDelhi _bMc Grow Hill _c2007 |
||
| 300 | _a4176 p. | ||
| 650 | _aComputer | ||
| 650 | _aComputer | ||
| 700 | _aE. Balagrusamy | ||
| 999 |
_c2601 _d2601 |
||